000
00229nam a2200097Ia 4500
008
230508s1994 xx 000 0 und d
041
_a
eng
100
_a
GULATI R.R.
245
_a
MONOCHROME AND COLOUR TELEVISION.
260
_c
1994
999
_c
334761
_d
334761